000 00411nam a2200157Ia 4500
003 GCL
008 140319s9999 xx 000 0 eng d
040 _aGCL /
_cGCL
082 0 4 _a616.89
_bG R
100 1 _aGOLDMAN, HOWARD H.
245 1 0 _aREVIEW OF GENERAL PSYCHIATRY /
_cGOLDMAN, HOWARD H.
260 _a[S.N] :
_bLIBRAIRIE DU LIBAN ،
_c1992
300 _a495 P
650 0 4 _aPSYCHIATRY
942 _2ddc
_cBK
999 _c19846
_d19846